ALL Dead Rails Buildings - Statistics

General Stats
  • This quiz has been taken 4 times
  • The average score is 18 of 29
Answer Stats
Hint Answer % Correct
Building Bank
100%
Building Church
100%
Building Doctor
100%
Building House
100%
Building Sheriff
100%
Mining Town Sterling
100%
Special Location Tesla Lab
100%
Infected Town Town
100%
Building Barn
67%
Special Location Castle
67%
Special Location Fort Constitution
67%
Building General Store
67%
Building Gunsmith
67%
Camp Outlaw Camp
67%
Final Town Outlaw's Town
67%
Inside Previous Sterling Mines
67%
Special Location Stillwater Prison
67%
Building Trading Post
67%
First Town 0 Kilometer Town
33%
Second Town 10 Kilometer Town
33%
Third Town 20 Kilometer Town
33%
Fourth Town 30 Kilometer Town
33%
Fifth Town 40 Kilometer Town
33%
Sixth Town 50 Kilometer Town
33%
Seventh Town 60 Kilometer Town
33%
Eigth Town 70 Kilometer Town
33%
Every 10 Kilometers Fortified Town
33%
Building Furniture Store
33%
Building Headframe
33%
No matching quizzes found
Score Distribution
Percent of People with Each Score
Percentile by Number Answered
Your Score History
You have not taken this quiz